| 000 | 00895cab a2200241 4500 | ||
|---|---|---|---|
| 001 | X85568 | ||
| 008 | 090401t1998 xxu||||| |||| 00| 0 eng d | ||
| 035 | _a(Sirsi) u85568 | ||
| 041 | _aeng | ||
| 100 | _aUpton, W. | ||
| 245 | 4 | _aThe European Convention on Human Rights and environmental law | |
| 260 | _c1998 | ||
| 350 | _a0 | ||
| 490 |
_aJournal of Planning and Environment Law _vApril 1998, 315-320(9) |
||
| 520 | _aDiscusses the European Convention on Human Rights and the influence it will have on environmental law and public authorities once it is incorporated into UK law. Case law. | ||
| 650 | _aENVIRONMENTAL LAW | ||
| 650 | _aCONVENTION FOR THE PROTECTION OF HUMAN RIGHTS AND FUNDAMENTAL FREEDOMS | ||
| 650 | _aLOPEZ OSTRA V SPAIN COUNCIL OF EUROPE | ||
| 650 | _aPUBLIC AUTHORITIES | ||
| 690 | _aPLANNING LAW AND PRACTICE-CASE LAW | ||
| 942 | _n0 | ||
| 948 | _c14/04/1998 | ||
| 999 |
_c53804 _d53804 |
||